Представление документа в формате MARC21

Поле Инд. ПП Название Значение
Тип записи a
Библиографический уровень b
001 Контрольный номер RU/IS/BASE/268754564
005 Дата корректировки 20200618185534.7
008 Кодируемые данные 20080707
040 b Код языка каталог. rus
e Правила каталог. PSBO
041 0_ a Код языка текста rus
084 a Индекс другой классификации/Индекс ББК 83.014.6
100 1_ a Автор Гилева Е. Ф.
245 10 a Заглавие Инсценировки и "пьесы по мотивам" в современной драматической сказке: проблема метода
504 a Библиография Библиогр.: с. 119
650 04 a Основная рубрика литературоведение
a Основная рубрика теория литературы
a Основная рубрика филологические науки
653 1_ a Ключевые слова драматические произведения
a Ключевые слова драматургия
a Ключевые слова инсценировки
a Ключевые слова пьесы
a Ключевые слова сказки
a Ключевые слова сказки-пьесы
773 08 t Заглавие источника Вестник Московского университета. Серия 9, Филология
d Дата издания источника 2007
g Прочая информация № 6. - С. 113 - 119
w Контрольный № источника RU/IS/BASE/261756589
901 t Тип документа b